00801cam a22002411 4500001001300000003000400013005001700017008004100034010001700075035002000092040003000112050002200142100004300164245005400207260002100261300003100282490006200313500001700375500006500392650002300457830006200480999001700542ca 09000321 DLC20260227111048.0920617r19031903nyua 000 0 eng  aca 09000321  a(OCoLC)26033148 aDLCcCStdCStdOCoLCdDLC00aQK1b.N515 no. 481 aMacDougal, Daniel Trembly,d1865-1958.00aMutation in plants,cby Daniel Trembly Macdougal. aNew York,c1903. a737-770 p.billus.c24 cm.1 aContributions from the New York Botanical Garden.vno. 48 aCover-title. aReprinted from the American Naturalist, no. 443; Nov., 1903. 0aPlantsxVariation. 0aContributions from the New York Botanical Garden.vv. 48. c13880d13880